00629 a2200169 4500003000500000005001700005040000900022082001400031245006500045260002600110300001000136505013300146650002400279942001200303999001900315952012500334Nust20230207134958.0 cNust a961.2,ALF aAl-Fateh Revolution in Ten Years /cMohammad Bel Kasem Ezwai bThe Social Foundation a200:p aEducation (Page-10), Health (Page-46), Housing (Page-72), Transportation (Page-96), Industry (Page-130), Agriculture (Page-164), a Revolution9108705 2ddccBK c187604d187604 00102ddc4070aMCSbMCScGENd2016-12-12j4o961.2,ALFpMCS5974r2016-12-08w2016-12-12yBKzAlmirah No.62, Shelf No.5